Word Ladder: Baroque Joke Quiz Stats

Quiz Updated Jul 2, 2016

Challenge
Share
Tweet
Embed
Score 0/20 Timer 02:00
1 Play Today
Clue 4-Letter Word % Correct
Blemish on a witchWART
97.2%
Antonio Vivaldi's most famous pieces, 'The ____ Seasons'FOUR
97.2%
Like the taste of a lemonSOUR
97.1%
Plummet toward the groundFALL
96.5%
A ball that's not fair in baseballFOUL
96.5%
To have a strong desireWANT
96.4%
Be graded below a 65 in America, usuallyFAIL
96%
American Civil, French-Indian, Boer, e.g.WARS
93.1%
An assistant or subordinate in the kitchen: ___ chefSOUS
91.9%
Take one with bubbles to relaxBATH
90.2%
Clue 4-Letter Word % Correct
Thwart the plans of someoneFOIL
90.1%
Fruit, vampire, Louisville Slugger, e.g.BATS
89%
• Carly Rae Jepsen would like you to do this, maybe •• CALL •
86.7%
• Johann Sebastian, composer of Brandenburg Concertos •• BACH •
85.7%
• Contraction that means stop it •• DON'T •
82.4%
A habit or way of doing somethingWONT
80.5%
Old man from the Pixar movie 'Up'CARL
79%
ABC just revitalized a show where these things battleBOTS
78.1%
Habitual drunkardsSOTS
78.1%
'You Might Think' band with 'The'CARS
76.2%

Today's Daily Dose

Missing Word
NPR Programs

Quick Pick
1991 Events

On This Day
June 18th II

You're not logged in!

Compare scores with friends on all Sporcle quizzes.
Join for Free
OR
Log In

You Might Also Like...

Show Comments

Extras

Top Quizzes Today


Score Distribution

Your Account Isn't Verified!

In order to create a playlist on Sporcle, you need to verify the email address you used during registration. Go to your Sporcle Settings to finish the process.

Report this User

Report this user for behavior that violates our Community Guidelines.

Details: